000 00719nam a22002057a 4500
003 UA-OsUOA
001 36492
007 ta
008 20060130b un ||||| |||| 00| 0 ukr d
090 _a34
942 _cSA
040 _aUA-OsUOA
_bukr
_cUA-OsUOA
_dUA-OsUOA
245 _aПостанова Кабінету Міністрів України від20 січня 2006 р №42 "Про затвердження Основних напрямів урядової політики в економічній та соціальній сфері на 2006 рік
300 _aС.5-8
955 _a0
041 _aukr
080 _a34
773 0 _w36491
650 7 _a34 Право. Юриспруденція
_2UDC
999 _c322728
_d322728